Все песни Noize MC - Statistics

General Stats
  • This quiz has been taken 134 times
    6 since last reset
  • The average score is 59 of 280
Answer Stats
Подсказка Альбом Название % Correct
2015/2014, Марина Кацуба Hard Reboot 3.0 / Hard Reboot М
80%
2012 Новый альбом Yes Future!
80%
2025 Не все дома Обломки чувств
60%
2025 Не все дома Не все дома
60%
2021 Выход в город Всё как у людей
60%
2019 Без меня. Трибьют Егору Летову Всё как у людей
60%
2018 No Comments. Детка, послушай
60%
2018, ft. Монеточка, Swanky Tunes - Люди с автоматами
60%
2017, ft. Монеточка Чайлдфри Чайлдфри
60%
2016, ft. Монеточка Царь горы Чайлдфри
60%
2016 Царь горы Любимый цвет
60%
2016, Atlantida Project Бездна Ничего нового
60%
2015/2014 Hard Reboot 3.0 / Hard Reboot Говорящие головы
60%
2015 Hard Reboot 3.0 Порвав поводок
60%
2015/2014, ft. Atlantida Project Hard Reboot 3.0 / Hard Reboot Иордан
60%
2013 Неразбериха Неразбериха
60%
2013 Неразбериха Гой еси
60%
2013 Неразбериха Жвачка
60%
2013 Protivo Ganz С&Г
60%
2012 Новый альбом Эгоизм
60%
2012 Новый альбом Вселенная бесконечна?
60%
2012 Новый альбом Бассейн
60%
2010 Последний альбом Тыщатыщ
60%
2010, ft. Александр "Чача" Иванов Последний альбом Устрой Дестрой
60%
2010, ft. Staisha Последний альбом Певец и актриса
60%
2010 Последний альбом Ты не считаешь
60%
2010 Последний альбом Ругань из-за стены
60%
2010 Последний альбом На Марсе классно
60%
2010/2008 The Greatest Hits, vol. 2 / 1 Песня для радио
60%
2010/2008, ft.Чиж & Со The Greatest Hits, vol. 2 / 1 За закрытой дверью
60%
2010/2008 The Greatest Hits, vol. 2 / 1 Кури бамбук!
60%
2010/2008 The Greatest Hits, vol. 2 / 1 Моё море
60%
2010/2008 The Greatest Hits, vol. 2 / 1 Выдыхай
60%
2009 Розыгрыш (Из к/ф "Розыгрыш") Моё море
60%
2009 Розыгрыш (Из к/ф "Розыгрыш") Выдыхай
60%
2004 Несите Ваши Деньги! Кури бамбук
60%
2004 Несите Ваши Деньги! Песня для радио
60%
2013 Неразбериха +-0
60%
2021 Выход в город Вояджер-1
60%
2010/2008 The Greatest Hits, vol. 2 / 1 Из окна
60%
2004 Несите Ваши Деньги! S&G
60%
2025 Не все дома Светлая полоса
40%
2025 Не все дома Кооператив "Лебединое озеро"
40%
2025 Не все дома Страна дождей
40%
2023 - Кооператив "Лебединое озеро"
40%
2022 - Страна дождей
40%
2021 Выход в город Выход в город
40%
2021 Выход в город Миокард
40%
2020, ft. Монеточка - Живи без остатка
40%
2018 Хипхопера: Орфей & Эвридика Голос & струны (Орфей)
40%
2017 Чайлдфри Марафон
40%
2017, ft. SunSay, MC FAME - Лето в столице
40%
2017 Мы вышли из кино. Трибьют Кино Последний герой
40%
2016 Царь горы Царь горы
40%
2016 Царь горы Грабли
40%
2016 Царь горы Питерские крыши
40%
2015/2014 Hard Reboot 3.0 / Hard Reboot Сгораю
40%
2013 Неразбериха Капитан Америка
40%
2013, ft. Влади Неразбериха Нероссия
40%
2013, ft. Вася Васин Protivo Ganz Рок - это кал!
40%
2013 Protivo Ganz У моей девчонки
40%
2012 Новый альбом Вьетнам
40%
2012 Новый альбом ШлакваШаклассика!
40%
2012 Новый альбом Я глуп
40%
2012, ft. Anacondaz Новый альбом Похуисты
40%
2012 Новый альбом Школотой
40%
2010 Последний альбом Манки бизнес
40%
2010 Последний альбом Антенны
40%
2010 Последний альбом Жечь электричество
40%
2010 Последний альбом Вот и всё. Ну и что?
40%
2010/2008 The Greatest Hits, vol. 2 / 1 На работе
40%
2010/2008 The Greatest Hits, vol. 2 / 1 Девочка - скинхед
40%
2009 Розыгрыш (Из к/ф "Розыгрыш") Лето в столице
40%
2009, ft. Maestro A-Sid Розыгрыш (Из к/ф "Розыгрыш") Лето в столице
40%
2004 Несите Ваши Деньги! Лето в столице
40%
2010 Последний альбом Бэктон #1
40%
2010/2008 The Greatest Hits, vol. 2 / 1
40%
2010/2008 The Greatest Hits, vol. 2 / 1
40%
2024 - Светлая полоса
40%
2012, ft. Воплi Вiдоплясова Новый альбом Танцi
40%
2016 Царь горы Make Some Noize
40%
2025 Не все дома Open Air
40%
2024 - Open Air
40%
2025 Алхимия Планета Земля
20%
2025 Алхимия Чернокнижник
20%
2025 Алхимия Пчёлы слов
20%
2025 Алхимия Улица Авеля
20%
2025, ft. Монеточка, Витя Исаев Не все дома Никто не пострадал
20%
2025 Не все дома Самка богомола
20%
2025 Не все дома Соловьи
20%
2025 Не все дома Молчанка
20%
2025 Не все дома Зубная фея
20%
2025, ft. Монеточка, Витя Исаев Не все дома Криокамеры
20%
2025 Не все дома Атлантида
20%
2023 (Voices of Peace) - Никто не пострадал
20%
2022 (Voices of Peace) - Криокамеры
20%
2021 Выход в город Век-волкодав
20%
2021 Выход в город Столетняя война
20%
2021 Выход в город Инстинкт
20%
2021 Выход в город Песня предателя
20%
2021 Выход в город Опыт отсутствия
20%
2021, Каста Чернила осьминога Закипает чайник
20%
2020 - Последний министр
20%
2020, Монеточка Декоративно-прикладное искусство Коза
20%
2018 No Comments. В темноте
20%
2016, ft. Atlantida Project Царь горы Гвозди
20%
2016 Царь горы Джеймесон
20%
2016 Царь горы Кислотный дождь
20%
2015/2014 Hard Reboot 3.0 / Hard Reboot Фарыфуры
20%
2015/2014 Hard Reboot 3.0 / Hard Reboot Сохрани мою речь
20%
2015/2014, ft. Вера Полозкова Hard Reboot 3.0 / Hard Reboot абв&эюя
20%
2013 Неразбериха Влиятельные покровители
20%
2013 Неразбериха Чебуречная
20%
2013 Неразбериха Безмозглая музыка
20%
2013 Protivo Ganz Накосячу!
20%
2013 Protivo Ganz Бритни Спирс
20%
2013 Protivo Ganz Общага
20%
2013 Protivo Ganz Честное слово!
20%
2013 Protivo Ganz Жирная корова
20%
2013, рычаги машин Вторжения Навсегда
20%
2012 Новый альбом Жадина
20%
2012, ft. RasKar Новый альбом Сам
20%
2012 Новый альбом Заебались!
20%
2012, ft. Ляпис Трубецкой Новый альбом Болт
20%
2012 Новый альбом Мы хотим танцевать
20%
2012, ft. Вахтанг Новый альбом Ток
20%
2012 Новый альбом Брынь-брынь-брынь
20%
2012 Новый альбом Друг подруги тёлки брата
20%
2012 Новый альбом Пушкинский рэп
20%
2012, ft. Subatomic Sound System, Nomadic Wax Новый альбом Чёрное/Белое
20%
2010 Последний альбом Испортить вам пати!
20%
2010 Последний альбом Бабки в шапку!
20%
2010, ft. Staisha Последний альбом Артист
20%
2010 Последний альбом Красный октябрь
20%
2010 Последний альбом Пустые места
20%
2010, ft. Comme-Il-Faut Последний альбом Денежный дождь
20%
2010 Последний альбом Гимн понаехавших провинциалов
20%
2010 Последний альбом Мизантроп-рэп
20%
2010/2008 The Greatest Hits, vol. 2 / 1 Москва - не резиновая
20%
2010/2008 The Greatest Hits, vol. 2 / 1 Кантемировская
20%
2010/2008, ft. Маша Макарова The Greatest Hits, vol. 2 / 1 Жизнь без наркотиков
20%
2010/2008 The Greatest Hits, vol. 2 / 1 На районе
20%
2010/2008 The Greatest Hits, vol. 2 / 1 Палево!
20%
2010/2008, ft. Саша "Кислый" The Greatest Hits, vol. 2 / 1 Блатняк
20%
2010/2008 The Greatest Hits, vol. 2 / 1 Наше движение
20%
2010, ft. Ляпис Трубецкой The Greatest Hits, vol. 2 Капитал
20%
2010/2008, ft. 228 The Greatest Hits, vol. 2 / 1 Мы всего добились сами
20%
2010/2008 The Greatest Hits, vol. 2 / 1 Аренби!!!
20%
2010/2008 The Greatest Hits, vol. 2 / 1 Поднимите руки
20%
2009 Розыгрыш (Из к/ф "Розыгрыш") Суицид
20%
2009, ft. Адик 228, Чупак Розыгрыш (Из к/ф "Розыгрыш") Давай приколемся
20%
2009 Розыгрыш (Из к/ф "Розыгрыш") Какая жалость
20%
2009 Розыгрыш (Из к/ф "Розыгрыш") Деньги
20%
2004 Несите Ваши Деньги! Накосячу!
20%
2004 Несите Ваши Деньги! Блатняк
20%
2004 Несите Ваши Деньги! Суицид
20%
2004 Несите Ваши Деньги! Давай приколемся
20%
2004 Несите Ваши Деньги! Несите ваши деньги
20%
2004 Несите Ваши Деньги! Бритни спирс
20%
2004 Несите Ваши Деньги! Жирная корова
20%
2002 (face2face) - Кошка
20%
2012 Новый альбом Эдем 14/88
20%
2018 No Comments. В темноте (Brodsky Version)
20%
2010, ft. Staisha The Greatest Hits, vol. 2 Ctrl+Alt+Del
20%
2016 Царь горы face a la mer
20%
2015/2014, ft. Astronautalis Hard Reboot 3.0 / Hard Reboot Hard Reboot
20%
2015 - Jingle Bellz
20%
2024 - Kalinka
20%
2016 - Lenin Has Risen
20%
2010, ft. Раскарандаш Последний альбом Why The Dollar Falls
20%
2025 Не все дома Причины для радости
0%
2024 (Россияне) - Памяти Алексея Навального
0%
2023 После России Парнас
0%
2021 Выход в город Сельма Лагерлёф
0%
2021 Выход в город Сопротивление воздуха
0%
2021 Выход в город Двадцатые годы
0%
2021 Выход в город Вуду
0%
2021 Выход в город Паучьими тенётами
0%
2021 Выход в город Бизнесмен, что продал мир
0%
2021 Выход в город Букет крапивы
0%
2021 Выход в город Первые симптомы
0%
2021, ft. ВЕРЕНИЦА Выход в город Вереница
0%
2021, White Punk Сириус 2.0. Трансгумманизм
0%
2021, Тараканы! BesT! 30 Властелины вселенной
0%
2021, Вася Обломов, Сергей Шнуров The Best Правда
0%
2020 - Лига легенд
0%
2020, ft. Linda - Катацумури
0%
2020, ft. Damilola Karpow - Давай сбежим
0%
2020, Баста, ANIKV 40 Поколение Х
0%
2020, Лигалайз, KREC, Наум Блик, SLIMUS, кАчевники, SunSay, Каста, ST1M ALI ДАРВИН
0%
2019, Anacondaz Мои дети не будут скучать Пусть они умрут
0%
2019 - Почитай старших
0%
2018 No Comments. Зубы мудрости
0%
2018 - Следы на спине
0%
2018, ft. Leila Хипхопера: Орфей & Эвридика С нами (Орфей и Эвридика)
0%
2018, ft. Лариса Кокоева Хипхопера: Орфей & Эвридика Фанфары Эллады
0%
2018, ft. Anastasia Aleksandrina, Re-pac Хипхопера: Орфей & Эвридика Кто тот герой? (Фортуна и Прометей)
0%
2018, ft. Leila Хипхопера: Орфей & Эвридика Вряд ли боги соблаговолят нам (Орфей и Эвридика)
0%
2018, ft. Maestro A-Sid Хипхопера: Орфей & Эвридика На вершине - мало места (Харон)
0%
2018, ft. Олег Груз, Anastasia Aleksandrina Хипхопера: Орфей & Эвридика Подписание контракта (Аид, Фортуна, Орфей)
0%
2018, ft. Leila Хипхопера: Орфей & Эвридика Романс (Орфей и Эвридика)
0%
2018, ft. Олег Груз, Anastasia Aleksandrina Хипхопера: Орфей & Эвридика Камера, мотор! (Аид, Фортуна, Орфей)
0%
2018, ft. Leila Хипхопера: Орфей & Эвридика В конце альбома (Эвридика)
0%
2018 Хипхопера: Орфей & Эвридика Мастер слов и мелодий (Репрезент Орфея)
0%
2018, ft. Leila Хипхопера: Орфей & Эвридика Не тот (Эвридика)
0%
2018, ft. Leila Хипхопера: Орфей & Эвридика Мелкие черепки (Орфей и Эвредика)
0%
2018, ft. Anastasia Aleksandrina Хипхопера: Орфей & Эвридика Соблазн (Фортуна и Орфей)
0%
2018, ft. Leila Хипхопера: Орфей & Эвридика Всё это - лишнее (Эвридика)
0%
2018, ft. Олег Груз Хипхопера: Орфей & Эвридика Разрыв контракта (Аид и Орфей)
0%
2018, ft. Maestro A-Sid Хипхопера: Орфей & Эвридика Кто кого? (Харон)
0%
2018, ft. Maestro A-Sid Хипхопера: Орфей & Эвридика Иллюзии, сны, миражи (Харон и Орфей)
0%
2018 Хипхопера: Орфей & Эвридика Мантра (Орфей)
0%
2018, ft. Leila Хипхопера: Орфей & Эвридика Кошмар Эвридики (Эвридика, Морфей, Орфей)
0%
2018, ft. Leila Хипхопера: Орфей & Эвридика Без нас (Орфей и Эвридика)
0%
2017 - Коррозия хип-хопа
0%
2016 Царь горы Стэнли запишет хит
0%
2016 Царь горы Эмпайр Стэйт
0%
2016, ft. Miss Baas Царь горы Всё ОК
0%
2015/2014 Hard Reboot 3.0 / Hard Reboot Роботы
0%
2015/2014 Hard Reboot 3.0 / Hard Reboot Хозяин леса
0%
2015/2014 Hard Reboot 3.0 / Hard Reboot Старые шрамы
0%
2015/2014 Hard Reboot 3.0 / Hard Reboot Снайпер
0%
2013, ft. Вахтанг Неразбериха Нету паспорта
0%
2013 Неразбериха Настоящего
0%
2013, ft. Ёлка Неразбериха Нам не понять
0%
2013 Неразбериха Жирный чёрный пробел
0%
2013 Неразбериха Ненавижу
0%
2013, ft. 7000$ Неразбериха Тёмную сторону силы
0%
2013 Неразбериха Не надо было
0%
2013 Неразбериха Маятник
0%
2013, ft. Михаил Козырев Protivo Ganz Миша Козырев
0%
2013 Protivo Ganz Заговор
0%
2013, ft. Саша "Кислый", МАКС, Пашок Protivo Ganz Калифорния
0%
2013, ft. Саша "Кислый", МАКС, Пашок Protivo Ganz Она уходит
0%
2013 Protivo Ganz Под белым флагом
0%
2013 Protivo Ganz Тонкий лёд
0%
2013, Давид Казарян Protivo Ganz Нету паспорта
0%
2013 Protivo Ganz Хуёвая песня
0%
2011, Кирпичи Новые кирпы моо фок Бред сивой кобылы
0%
2010 The Greatest Hits, vol. 2 Ниже нуля
0%
2010 The Greatest Hits, vol. 2 Кто убил?
0%
2009 Розыгрыш (Из к/ф "Розыгрыш") Утро (Он, а не я)
0%
2009 Розыгрыш (Из к/ф "Розыгрыш") Не могу найти
0%
2009 Розыгрыш (Из к/ф "Розыгрыш") Это был дождь
0%
2009 Розыгрыш (Из к/ф "Розыгрыш") У. Е.
0%
2004 Несите Ваши Деньги! Когда-нибудь
0%
2004 Несите Ваши Деньги! Охота
0%
2004 Несите Ваши Деньги! Птичье молоко
0%
2004, ft. Мария Беспалева Несите Ваши Деньги! Девочки хотят медляков
0%
2004 Несите Ваши Деньги! Если вдруг
0%
2004 Несите Ваши Деньги! Вечеринка (Пародия на ДэЦл)
0%
2004, ft. Адик 228 Несите Ваши Деньги! Выключай
0%
2004, ft. Адик 228 Несите Ваши Деньги! Как много девушек
0%
2004 Несите Ваши Деньги! Две хороших девочки
0%
2004 Несите Ваши Деньги! Пять мужчин (Пародия на И. Николаева)
0%
2010 - 10 суток (Сталинград)
0%
2018, ft. Maestro A-Sid Хипхопера: Орфей & Эвридика 1000 москитов (Харон и Орфей)
0%
2014 Lyapis Crew: ТРУбьют. Vol. 1 12 Обезьян
0%
2015 *кустик* 18:30 (live)
0%
2021, ft. White Punk Выход в город Трансгумманизм 2.0
0%
2018 - 200+
0%
2015/2014 Hard Reboot 3.0 / Hard Reboot 220
0%
2021 Выход в город 26.04
0%
2019, ft. Sonny Sandoval - Chasing the Horizon
0%
2015/2014 Hard Reboot 3.0 / Hard Reboot Come $ome All
0%
2013, ft. Staisha Неразбериха Game Over
0%
2004 Несите Ваши Деньги! God is a DJ
0%
2012, Карандаш Американщина 2 Hellp
0%
2022 - Аусвайс (live)
0%
2015 *кустик* Мерин (live)
0%
2016 Царь горы !L!VE
0%
2015/2014, ft. Mewark Hard Reboot 3.0 / Hard Reboot Ne2Da?
0%
2022, RAM, KOMMO Starscream Neverland
0%
2014 Hard Reboot Safe mode
0%
2018, ft. ST, Anastasia Aleksandrina Хипхопера: Орфей & Эвридика Спартак vs. Прометей
0%
2018, ft. Re-pac, Anastasia Aleksandrina Хипхопера: Орфей & Эвридика Прометей vs. Спартак
0%
2018, ft. Тимур Родригез, Anastasia Aleksandrina Хипхопера: Орфей & Эвридика Нарцисс vs. Орфей
0%
2018, ft. Anastasia Aleksandrina Хипхопера: Орфей & Эвридика Орфей vs. Нарцисс
0%
2018, ft. Re-pac, Олег Груз, Anastasia Aleksandrina Хипхопера: Орфей & Эвридика Прометей vs. Орфей
0%
2018, ft. Олег Груз, Anastasia Aleksandrina Хипхопера: Орфей & Эвридика Орфей vs. Прометей
0%
No matching quizzes found
Score Distribution
Percent of People with Each Score
Percentile by Number Answered
Your Score History
You have not taken this quiz since the last reset